Epigramas a Angélica /
Saved in:
| Main Author: | |
|---|---|
| Format: | Unknown |
| Language: | Spanish |
| Published: |
Guatemala :
Editorial Cultura,
1990.
|
| Series: | (Colección Poesía Guatemalteca Siglo XX ;
número 2) |
| Subjects: | |
| Tags: |
Add Tag
No Tags, Be the first to tag this record!
|
MARC
| LEADER | 000000000a22000000004500 | ||
|---|---|---|---|
| 001 | 001770 | ||
| 041 | 0 | |a spa | |
| 082 | 0 | 4 | |a G861.44 |b G984e |
| 100 | 1 | |a Gutiérrez, Rafael | |
| 245 | 1 | 0 | |a Epigramas a Angélica / |c Rafael Gutiérrez. |
| 260 | 1 | |a Guatemala : |b Editorial Cultura, |c 1990. | |
| 300 | |a 35 hojas en estuche | ||
| 490 | 1 | |a (Colección Poesía Guatemalteca Siglo XX ; |v número 2) | |
| 500 | |a Otro ejemplar con número de inscripción 14785 | ||
| 650 | 4 | |a LITERATURA GUATEMALTECA | |
| 650 | 4 | |a POESIA | |
| 999 | |c 8439 |d 8439 | ||
| 942 | |c BK |h G861.44 G984e |2 z | ||
